| 000 | 00461nam a2200181Ia 4500 | ||
|---|---|---|---|
| 005 | 20241125135522.0 | ||
| 008 | 131103s9999 xx 000 0 und d | ||
| 040 | _aLoreto College | ||
| 041 | _aEnglish | ||
| 082 |
_a910.7 _bMAL |
||
| 245 |
_aGeography workbook _cedited by Kiran Kumar Maltiar |
||
| 260 |
_aPatna _bBharati Bhawan _c1999 |
||
| 300 |
_a82p. _b map |
||
| 650 | _aGeography | ||
| 700 | _aMaltiar, Kiran Kumar | ||
| 850 | _aLCBED | ||
| 942 | _cBK | ||
| 999 |
_c29207 _d79686 |
||